| 000 | 00765nam a2200253Ia 4500 | ||
|---|---|---|---|
| 003 | OSt | ||
| 005 | 20220912150950.0 | ||
| 006 | a|||||r|||| 00| 0 | ||
| 007 | ta | ||
| 008 | 220909b |||||||| |||| 00| 0 eng d | ||
| 024 | _a23818 | ||
| 037 | _cTextual | ||
| 040 |
_aCSL _beng _cCSL |
||
| 041 | _aeng | ||
| 082 | _aB6p2,N79, M1 | ||
| 100 | _aSinha D K Ed. | ||
| 111 | _aSeminar on catastrophe theory and applications (1979 : Jadavpur University) | ||
| 245 | 0 | _aProceeding on Catastrophe: theory and applications | |
| 260 |
_aNew Delhi _b South Asian Publishers _c1981 |
||
| 300 |
_axi, 156p. _ccm. |
||
| 490 | _aMathematics of mathematical sciences | ||
| 942 |
_hB6p2,N79, M1 _cTEXL _2CC |
||
| 999 |
_c58354 _d58354 |
||